History Quiz

Random History or Clickable Quiz

The first 13 colinies Quiz Stats

Quiz not verified by Sporcle

Challenge
Share
Tweet
Score 0/13 Timer 02:00
0 Plays Today
% Correct
Yankiees play here
95.7%
smallest state
91.5%
below north carolina
85.1%
Capital is Trenton
78.7%
capital is Annopolis
76.6%
capital is richmond
76.6%
falcons play here
76.6%
small and skinny
74.5%
plymouth meeting is here
74.5%
charolate is here
72.3%
touches vermont
70.2%
touches new york
70.2%
second state
68.1%

You're not logged in!

Compare scores with friends on all Sporcle quizzes.
Sign Up with Email
OR
Log In

You Might Also Like...

Show Comments

Extras

Top Quizzes Today


Score Distribution

Your Account Isn't Verified!

In order to create a playlist on Sporcle, you need to verify the email address you used during registration. Go to your Sporcle Settings to finish the process.